000 01332cam a2200397 4500
999 _c23240
_d23240
001 vtls011832787
005 20220428104553.0
008 210624s2019 xo er 010 f slo
020 _a9788055164885
_q(viazané)
035 _a7DD33B4F-3FED-496D-92F2-AD08011606DD
035 _aurn:nbn:sk:snk-am3icv7
035 _aurn:nbn:sk:snk-am00e3rj
040 _aTTKJF
_bslo
_cTTKJF
_dSNK
_erda
041 1 _aslo
_heng
044 _axo
_cSK
072 7 _a821.111-3
_xAnglická próza, anglicky písaná
_2konspekt
080 _a821.111-31
_22011
080 _a(0:82-312.4)
_22011
100 1 _aCarrington, Sam
_4aut
_93061
240 1 0 _aBad Sister
_lSlovensky
245 1 0 _aZlá sestra
_cSam Carrington ; preložila Jana Seichertová
264 1 _aBratislava
_bIkar
_c2019
300 _a381 strán
_c21 cm
336 _atext
_btxt
_2rdacontent
337 _abez média
_bn
_2rdamedia
338 _azväzok
_bnc
_2rdacarrier
500 _aObsahuje krátke biografické údaje o autorke na prebale publikácie
500 _aPreložené z angličtiny
655 7 _aanglické romány
_2SNKPH
_98
655 7 _atrilery (romány)
_2SNKPH
_92135
655 7 _aEnglish fiction
_2SNKPHeng
_99
655 7 _aThrillers (novels)
_2SNKPHeng
_91722
700 1 _aSeichertová, Jana
_c(prekladateľka)
_4trl
_910
958 _aLX
958 _aUP